000 00977nam a2200241Ia 4500
003 Ost
005 20260507075406.0
008 260507s9999||||xx |||||||||||||| ||und||
020 _a1185212977
040 _cfsecg
041 _aara
082 _a330
100 _aإبراهيم، نعمة الله نجيب
_eمؤلف
245 0 _aأسس علم الإقتصاد :
_bالتحليل الوحدي /
_c نعمة الله نجيب إبراهيم
250 _aطبعة 2
260 _aالإسكندرية:
_bمؤسسة شباب الجامعة,
_c2009
300 _a347 صفحة؛
_bإيضاحات ؛
_c25 سم
520 _aيضم أساسيات في علم الإقتصاد، توازن السوق، نظرية طلب المستهلك الفرد ، نظرية العرض والإنتاج ، نظرية التوسع
653 _aالإقتصاد التحليلي
653 _aالإقتصاد- نظريات
653 _aعلم الإقتصاد
942 _cكتاب
999 _c44309
_d44309